Disability risk models - general aspects concerning insurance policy

Guardado en:
Detalles Bibliográficos
Autor principal: Škrovánková, Lea, 1954-
Otros Autores: Sakálová, Katarína, 1955-
Formato: Capítulo de libro
Lenguaje:inglés
Etiquetas: Agregar Etiqueta
Sin Etiquetas, Sea el primero en etiquetar este registro!

MARC

LEADER 00000naa$a2200000$$$4500
001 0095135
005 20240502072047.5
041 0 |a eng 
044 |a SK 
245 1 0 |a Disability risk models - general aspects concerning insurance policy  |c Lea Škrovánková, Katarína Sakálová 
100 1 |a Škrovánková, Lea, 1954- 
700 1 |a Sakálová, Katarína, 1955-